ბათუმის შოთა რუსთაველის სახელმწიფო უნივერსიტეტის ბიბლიოთეკა

დალი ; ქალაქში დინოზავრები დადიან.ცისფერი მთები (ბიბ.ჩანაწერი № 48949)

000 -LEADER
fixed length control field 00983nam a2200229Ia 4500
001 - CONTROL NUMBER
control field 15852
003 - CONTROL NUMBER IDENTIFIER
control field GE_BSU
008 - FIXED-LENGTH DATA ELEMENTS--GENERAL INFORMATION
fixed length control field 181216s||||||||xx |||||||||||||| ||und||
040 ## - CATALOGING SOURCE
Transcribing agency GE_BSU
080 ## - UNIVERSAL DECIMAL CLASSIFICATION NUMBER
Universal Decimal Classification number 821.353.1-31 + 821.353.1-32
100 ## - MAIN ENTRY--PERSONAL NAME
Personal name ჭეიშვილი, რეზო
245 ## - TITLE STATEMENT
Title დალი ; ქალაქში დინოზავრები დადიან.ცისფერი მთები
245 ## - TITLE STATEMENT
Remainder of title რომანები. მოთხრობა
245 ## - TITLE STATEMENT
Statement of responsibility, etc. რედ.თ.დაუშვილი. მხ. თ.სამსონაძე.
260 ## - PUBLICATION, DISTRIBUTION, ETC.
Place of publication, distribution, etc. თბილისი
260 ## - PUBLICATION, DISTRIBUTION, ETC.
Name of publisher, distributor, etc. საბჭოთა საქართველო
260 ## - PUBLICATION, DISTRIBUTION, ETC.
Date of publication, distribution, etc. 1980
300 ## - PHYSICAL DESCRIPTION
Extent 624 გვ. : ილ. ; 21 სმ
653 ## - INDEX TERM--UNCONTROLLED
Uncontrolled term დალი ; ქალაქში დინოზავრები დადიან.ცისფერი მთები
653 ## - INDEX TERM--UNCONTROLLED
Uncontrolled term რომანები. მოთხრობა
942 ## - ADDED ENTRY ELEMENTS (KOHA)
Koha item type წიგნი
ეგზემპლარები
Withdrawn status Lost status Damaged status Not for loan Date acquired Barcode Date last seen Price effective from Koha item type
        2018-12-17 39176 2018-12-17 2018-12-17 წიგნი
        2018-12-17 39177 2018-12-17 2018-12-17 წიგნი
        2018-12-17 39178 2018-12-17 2018-12-17 წიგნი
        2018-12-17 39179 2018-12-17 2018-12-17 წიგნი
        2018-12-17 39180 2018-12-17 2018-12-17 წიგნი
        2018-12-17 39181 2018-12-17 2018-12-17 წიგნი